000 00404nmm a2200145Ia 4500
008 251105s9999||||xx |||||||||||||||||und||
041 _aspa
100 _aParenti, Chiara
245 0 _aEl lenguaje oculto de las piedras
264 _a[Madrid, España] :
_bEdiciones B,
_c2017
300 _a432 páginas
650 _aRomance
856 _uhttps://public.digitaliapublishing.com/a/54514
942 _cCF
999 _c106428
_d106428